00680nam a2200205Ia 450000500170000000800410001702000130005804000190007104100120009008200160010224500860011826000440020430000120024850400530026065000260031385000100033994200070034999900160035695201020037220221116115755.0131103s9999 xx 000 0 und d a19502897 aLoreto College aEnglish a954.03bGUH aSelected Subaltern Studiescedited by Ranajit Guha and Gayatri Chakravorty Spivak aNew YorkbOxford University Pressc1988 a434 p.  aIncludes bibliographical references and glossary aIndian Modern History aLCLIB cBK c9770d60249 00102ddc4070aMAINbMAINd2013-11-04l0o954.03 GUH 35752pB9648r2013-11-04w2013-11-04yBKf